000 01221nam a22003257a 4500
003 CHAP
005 20220329143814.0
008 110912s1964 mx r 00010 spa d
010 _a102096
011 _a103068
035 _a113757
040 _cCHAP
082 0 4 _a628.132
_bM98
110 2 _aMéxico. Secretaría de Recursos Hidráulicos. Dirección de Pequeña Irrigación
_977217
245 1 0 _aSistemas utilizados para la ejecución de las obras a cargo de la Dirección de Pequeña Irrigación
_c/por SRH. Dirección de Pequeña Irrigación
260 _aMéxico :
_bSRH. Dirección de Pequeña Irrigación,
_c1964
300 _a15 p.
500 _aEncuadernado con : Presas de almacenamiento : cortinas de gravedad
590 _aBATCH-UPD
_b10
_c20130110
_lUCH01
_h0922
590 _aBATCH-UPD
_b10
_c20130410
_lUCH01
_h0543
590 _aBATCH-UPD
_b10
_c20130913
_lUCH01
_h1937
590 _aCONVERSION
_b10
_c20130109
_lUCH01
_h1356
650 1 4 _aAdministración.
_9918
650 1 4 _aConstrucción.
_927383
650 1 4 _aPresas.
_991480
700 1 _aJunco Posadas, Ramón.
_962342
901 _aBK
942 _cLIBRO
949 _a628.132 M98
_bBC
_cLIBRO
_d33724002307644
_eLIBRO
_gDonaciØn
_h115792
_i113757
_sb
999 _c102096
_d102096